Sobre las piedras grises / (Record no. 17086)
[ view plain ]
| 000 -CABECERA | |
|---|---|
| campo de control de longitud fija | 00648cam a2200217 a 4500 |
| 001 - NÚMERO DE CONTROL | |
| campo de control | 000017561 |
| 005 - FECHA Y HORA DE LA ÚLTIMA TRANSACCIÓN | |
| campo de control | 20200929165143.0 |
| 008 - DATOS DE LONGITUD FIJA--INFORMACIÓN GENERAL | |
| campo de control de longitud fija | 500101s1949 sp 000 1 spa d |
| 040 ## - FUENTE DE LA CATALOGACIÓN | |
| Centro/agencia modificador | BNPHU |
| Centro catalogador/agencia de origen | DO-SdBNP |
| 082 ## - NÚMERO DE LA CLASIFICACIÓN DECIMAL DEWEY | |
| Número de clasificación | 863.64 |
| Número de documento/Ítem | J91s |
| 049 ## - FONDOS LOCALES (OCLC) | |
| Fondos de biblioteca | BNGR |
| 100 1# - ENTRADA PRINCIPAL--NOMBRE DE PERSONA | |
| Nombre de persona | Juan Arbó, Sebastiàn, |
| Fechas asociadas al nombre | 1902-1984 |
| 9 (RLIN) | 24440 |
| 245 10 - MENCIÓN DE TÍTULO | |
| Título | Sobre las piedras grises / |
| Mención de responsabilidad, etc. | Sebastián Juan Arbó. |
| 260 ## - PUBLICACIÓN, DISTRIBUCIÓN, ETC. | |
| Lugar de publicación, distribución, etc. | Barcelona : |
| Nombre del editor, distribuidor, etc. | Destino, |
| Fecha de publicación, distribución, etc. | 1949. |
| 300 ## - DESCRIPCIÓN FÍSICA | |
| Extensión | 309 p. ; |
| Dimensiones | 19 cm. |
| 490 0# - MENCIÓN DE SERIE | |
| Mención de serie | Áncora y delfín |
| Designación de volumen o secuencia | 46 |
| 650 #4 - PUNTO DE ACCESO ADICIONAL DE MATERIA--TÉRMINO DE MATERIA | |
| Término de materia o nombre geográfico como elemento de entrada | Novela española |
| 9 (RLIN) | 1123 |
| 650 #4 - PUNTO DE ACCESO ADICIONAL DE MATERIA--TÉRMINO DE MATERIA | |
| Término de materia o nombre geográfico como elemento de entrada | Literatura española |
| 9 (RLIN) | 632 |
| 830 #1 - PUNTO DE ACCESO ADICIONAL DE SERIE-TÍTULO UNIFORME | |
| Título uniforme | Áncora y delfín ; |
| Designación de volumen o secuencia | 46 |
| 9 (RLIN) | 4704 |
| 910 ## - DATOS DE OPCIÓN DEL USUARIO (OCLC) | |
| Datos de opción del usuario | Catalogación derivada |
| Estado de retiro | Estado de pérdida | Restricciones de uso | No para préstamo | Código de colección | Localización permanente | Ubicación/localización actual | Ubicación en estantería | Fecha de adquisición | Número de inventario | Total de préstamos | Signatura topográfica completa | Código de barras | Fecha visto por última vez | Número de copia | Precio válido a partir de | Tipo de ítem Koha |
|---|---|---|---|---|---|---|---|---|---|---|---|---|---|---|---|---|
| Préstamo restringido | Préstamo restrigido | Monografías: Libros y Folletos | General | General | En catalogación | 26.03.2010 | LF1 | 863.64 J91s | 17561-10 | 25.06.2020 | e. 1 | 25.06.2020 | No se presta |
